A Treatise on the Analytical Dinamics of Particles and Rigid Bodies
| Main Author: | |
|---|---|
| Format: | Section = Libro |
| Language: | Undetermined Spanish |
| Published: |
United States
Cambridge University Press
1959
|
| Edition: | 4a. ed |
| Subjects: |
| LEADER | 00538nam a2200193Ia 4500 | ||
|---|---|---|---|
| 008 | 240830s9999 xx 000 0 und d | ||
| 040 | |a CEDOC FIQ-RUSB / 539 W956 | ||
| 041 | |a spa | ||
| 082 | |a 539 W956 | ||
| 100 | 1 | |a Writtaker, E. T. | |
| 245 | 1 | 2 | |a A Treatise on the Analytical Dinamics of Particles and Rigid Bodies |
| 250 | |a 4a. ed | ||
| 260 | |a United States |b Cambridge University Press |c 1959 | ||
| 300 | |a 456 p.: il. | ||
| 650 | 7 | |a FISICOQUIMICA | |
| 650 | 7 | |b LOS ÁNGULOS EULERIANOS | |
| 942 | |c BK |2 ddc | ||
| 991 | |a TEXTO | ||
| 999 | |c 13388 | ||